Scott's standard postage stamp catalogue The encyclopedia of philately 1968. Vol.1

Zapisane w:
Opis bibliograficzny
Format: Książka
Język:Undetermined
Wydane: New York Scott 1967
Hasła przedmiotowe:
Etykiety: Dodaj etykietę
Nie ma etykietki, Dołącz pierwszą etykiete!
Thư viện lưu trữ: Trung tâm Học liệu Trường Đại học Cần Thơ
LEADER 00494nam a2200169Ia 4500
001 CTU_26024
008 210402s9999 xx 000 0 und d
082 |a 769.56 
082 |b S424/Vol.1 
245 0 |a Scott's standard postage stamp catalogue 
245 4 |b The encyclopedia of philately 1968. Vol.1 
260 |a New York 
260 |b Scott 
260 |c 1967 
650 |a postage stamps,stamp collecting 
904 |i Minh, 981005 
980 |a Trung tâm Học liệu Trường Đại học Cần Thơ